000 00804nam a2200289 i 4500
001 000025972
003 DO-SdBNP
005 20240311133519.0
007 ta
008 110217s1971 sp r 000 | spa d
040 _aDO-SdBNP
_bspa
_cBNPHU
_erda
049 _aBNGR
082 4 _bV816e, 1971
_222
100 1 _aVirgilio
_952866
245 1 3 _aEneida /
_cVirgilio ; edición revisada, Francisco Montes de Oca.
246 _aGeórgicas
246 _aBucólicas
250 _a2a ed.
264 _aMéxico, D. F. :
_bPorrúa,
_c1971.
300 _alxvii, 299 páginas ;
_c22 cm.
336 _2rdacontent
_atexto
_btxt
337 _2rdamedia
_asin mediación
_bn
338 _2rdacarrier
_avolumen
_bnc
490 _aSepan Cuantos
_v47
500 _aIncluye índice : p. 259-297
942 _2ddc
_cLBS1
999 _c25464
_d25464